000 00361nam a2200133Ia 4500
008 240624s9999 xx 000 0 und d
041 _aeng
082 _a658 RAY
100 _aRAYNER CHARLOTTE
245 _aMANAGEMENT AND LEADERSHIP IN ORGANIZATIO
260 _c2009
_aMumbai
_bJaico Publishing House
300 _axii, : 207 : p. : cm. ; 23
365 _cRS
_b15
999 _c14622
_d14622